Loading...
| Fine Arts - Classical Music | 0 | 7 | 0 | 0 | 70 | 77 | 93.86 | 3 | 7 | 0.00 | 0.00 |
| Mythology | 0 | 6 | 0 | 1 | 60 | 79 | 105.50 | 0 | 5 | 0.00 | 0.00 |
| Fine Arts - Painting and Sculpture | 0 | 6 | 0 | 0 | 60 | 62 | 80.50 | 3 | 5 | 0.00 | 0.00 |
| Science - Physics | 0 | 5 | 1 | 1 | 45 | 98 | 111.60 | 0 | 5 | 0.00 | 0.00 |
| Religion | 0 | 5 | 2 | 1 | 40 | 84 | 112.20 | 1 | 4 | 0.00 | 0.00 |
| Literature - British | 0 | 4 | 0 | 1 | 40 | 66 | 89.00 | 3 | 3 | 0.00 | 0.00 |
| Fine Arts - Other | 0 | 5 | 2 | 0 | 40 | 42 | 78.80 | 3 | 4 | 0.00 | 0.00 |
| Literature - European | 0 | 3 | 0 | 0 | 30 | 74 | 76.33 | 3 | 3 | 0.00 | 0.00 |
| Literature - American | 0 | 3 | 0 | 0 | 30 | 91 | 91.67 | 2 | 2 | 0.00 | 0.00 |
| Philosophy | 0 | 3 | 1 | 0 | 25 | 60 | 72.00 | 1 | 3 | 0.00 | 0.00 |
| Social Science | 0 | 3 | 1 | 1 | 25 | 76 | 96.00 | 2 | 3 | 0.00 | 0.00 |
| Literature - World | 0 | 4 | 3 | 0 | 25 | 31 | 83.75 | 4 | 4 | 0.00 | 0.00 |
| Science - Chemistry | 0 | 3 | 1 | 0 | 25 | 75 | 86.00 | 0 | 3 | 0.00 | 0.00 |
| History - World | 0 | 2 | 0 | 1 | 20 | 101 | 120.00 | 0 | 1 | 0.00 | 0.00 |
| History - European | 0 | 2 | 1 | 1 | 15 | 90 | 102.50 | 0 | 1 | 0.00 | 0.00 |
| Science - Biology | 0 | 2 | 1 | 1 | 15 | 90 | 97.50 | 0 | 1 | 0.00 | 0.00 |
| History - Other | 0 | 2 | 1 | 1 | 15 | 55 | 80.50 | 0 | 1 | 0.00 | 0.00 |
| Other Academic | 0 | 1 | 0 | 0 | 10 | 81 | 81.00 | 0 | 0 | 0.00 | 0.00 |
| Science - Other | 0 | 2 | 2 | 0 | 10 | 92 | 98.00 | 1 | 2 | 0.00 | 0.00 |
| Geography | 0 | 1 | 0 | 1 | 10 | 138 | 138.00 | 0 | 1 | 0.00 | 0.00 |
| History - American | 0 | 1 | 1 | 0 | 5 | 67 | 67.00 | 1 | 1 | 0.00 | 0.00 |